00373nam a22001337a 450000500170000000800410001702000150005804000130007308200240008610000200011024500530013026000460018330000100022920170817113315.0170817b xxu||||| |||| 00| 0 eng d a0860370046 cPK-LaUMT aZIAC 297.082bAIS-W aAisha Lemu , B. aWoman in Islam/cB. Aisha Lemu and Fatima Heeren aLonodn:bIslamic council in europe,c1978 a51 p.